000 00429nam a2200157Ia 4500
008 210716s2005 xx 000 0 und d
020 _a0195669851
041 _aeng
082 _a658.4038 JAIM
100 _aJaiswal, Mahadeo;Mital, Monika.
245 _aManagement information systems.
250 _a1
260 _aNew Delhi
_bOxford University Press
_c2005
300 _axvi,623
650 _aManagement Information Systems
999 _c202564
_d202564